|
|
|
|
| LEADER |
00000nas a2200000 i 4500 |
| 001 |
ssj0001454277 |
| 003 |
WaSeSS |
| 005 |
20200512172242.0 |
| 006 |
m d |
| 007 |
cr n |
| 008 |
110906c20129999nyuqr p s | a0eng |
| 010 |
|
|
|a 2011203266
|
| 022 |
|
|
|y 2163-3851
|
| 035 |
|
|
|a (WaSeSS)ssj0001454277
|
| 037 |
|
|
|b Nova Science Publishers, Inc., 400 Oser Ave., Suite 1600, Hauppauge, NY 11788
|
| 040 |
|
|
|a DLC
|b eng
|c DLC
|d OCLCQ
|d DLC
|d OCLCO
|d OCLCF
|d CUS
|d WaSeSS
|
| 042 |
|
|
|a pcc
|a nsdp
|
| 050 |
0 |
0 |
|a GF1
|b .I58
|
| 082 |
1 |
0 |
|a 363
|2 14
|
| 210 |
0 |
|
|a Int. j. sep. environ. sci.
|
| 222 |
|
0 |
|a International journal of separation for environmental sciences
|
| 245 |
0 |
0 |
|a International journal of separation for environmental sciences
|h [electronic resource].
|
| 260 |
|
|
|a Hauppauge, New York :
|b Nova Science Publishers, Inc.
|
| 310 |
|
|
|a Quarterly
|
| 362 |
1 |
|
|a Began with: Volume 1, issue 1, (2012).
|
| 506 |
|
|
|a License restrictions may limit access.
|
| 588 |
|
|
|a Description based on: Volume 1, number 2, (2012); title from cover.
|
| 588 |
|
|
|a Latest issue consulted: Volume 1, number 2, (2012).
|
| 650 |
|
0 |
|a Environmental sciences
|v Periodical.
|
| 650 |
|
7 |
|a Environmental sciences.
|2 fast
|0 (OCoLC)fst00913474
|
| 655 |
|
0 |
|a Electronic journals.
|
| 850 |
|
|
|a DLC
|
| 856 |
4 |
0 |
|z Full text available from Research Library: 01/01/2012 to 07/31/2012
|u https://search.proquest.com/publication/2034858
|